Представление документа в формате MARC21

Поле Инд. ПП Название Значение
Тип записи a
Библиографический уровень m
001 Контрольный номер RU/IS/BASE/331641476
005 Дата корректировки 20220804121050.4
020 a ISBN 5-210-00284-5
040 b Код языка каталог. rus
041 0_ a Код языка текста rus
080 a Индекс УДК 821.161.1
084 a Индекс другой классификации/Индекс ББК 84(2Рос=Рус)6
090 a Полочн. индекс 84(2Рос=Рус)6
x Авторский знак Г94
097 b Оператор 12
100 1_ a Автор Гумилёв Н. С.
245 10 a Заглавие Драматические произведения. Переводы. Статьи
c Ответственность сост. Д. И. Золотницкий
260 a Место издания Л.
b Издательство Искусство
c Дата издания 1990
300 a Объем 405 с.
b Иллюстрации/ тип воспроизводства портр.
440 _0 a Серия Библиотека русской драматургии
510 0_ a Примечание о ссылках Книги и методические пособия
650 14 a Основная рубрика 17.82 Произведения художественной литературы
x Основная подрубрика 17.82.20 Драматургия
653 0_ a Ключевые слова драматургия
901 t Тип документа m